|
|
|
|
| LEADER |
00899nab a2200229 i 4500 |
| 001 |
publ25276 |
| 005 |
20221005081925.0 |
| 008 |
221005s2022 hu o 0|| Magyar d |
| 022 |
|
|
|a 0025-0171
|
| 024 |
7 |
|
|a 10.17167/mksz.2022.2.243-251
|2 doi
|
| 024 |
7 |
|
|a 33026844
|2 mtmt
|
| 040 |
|
|
|a SZTE Publicatio Repozitórium
|b hun
|
| 041 |
|
|
|a Magyar
|
| 100 |
1 |
|
|a Hegyi Ádám Alex
|
| 245 |
1 |
0 |
|a Olcsai Gaál András (?–1742) hagyatéka (1717–1777)
|h [elektronikus dokumentum] /
|c Hegyi Ádám Alex
|
| 260 |
|
|
|c 2022
|
| 300 |
|
|
|a 243-251
|
| 490 |
0 |
|
|a MAGYAR KÖNYVSZEMLE
|v 138 No. 2
|
| 650 |
|
4 |
|a Művészetek (művészetek, művészettörténet, előadóművészetek, zene)
|
| 650 |
|
4 |
|a Egyéb bölcsészettudományok
|
| 856 |
4 |
0 |
|u http://publicatio.bibl.u-szeged.hu/25276/1/HegyiA_MKsz_22-2.pdf
|z Dokumentum-elérés
|
| 856 |
4 |
0 |
|u http://publicatio.bibl.u-szeged.hu/25276/3/33026844.pdf
|z Dokumentum-elérés
|